000 00343nam a2200133Ia 4500
005 20251222141905.0
008 251222s9999||||xx |||||||||||||| ||spa||
020 _a9972-05-037-8
082 _a289.02/C76
245 0 _aCompendio de la Doctrina Social de la Iglesia
250 _a2a.ed.
264 _bConferencia Episcopal Peruana
942 _cLIB
999 _c8199
_d8199